000 00794nam a2200217 a 4500
001 000024372
005 20200930022944.0
008 110126s1985 ag r 001 0 spa d
020 _a9502005704
040 _aDO-SdBNP
_bspa
_cBNPHU
082 _axxxxx
_bS399a
100 1 _aSchwartz, Bernard
_949980
240 1 0 _aSome makers of American law
245 1 0 _aAlgunos artífices del derecho norteamericano /
_cBernard Schwartz ; traducción Rubén Laporte.
260 _aBuenos Aires, Argentina :
_bAbeledo-Perrot,
_c1985.
300 _a237 p. ;
_c20 cm.
500 _aIncluye índice analítico.
534 _pTítulo original en inglés :
_tSome makers of American law,
_cUniversity of Calcutta, 1985,
_z0379206889
590 _aInventariado, 2019/VM
700 1 _aLaporte, Rubén,
_etr.
_949981
999 _c23865
_d23865